[Event "Ceske sachove vanoce 2004"]
[Site "Litomysl"]
[Date "2004.12.27"]
[Round "2.29"]
[White "Neumanova, Monika"]
[Black "Amberger, Dieter"]
[Result "0-1"]
[WhiteElo "1710"]
[BlackElo "2100"]
[PlyCount "60"]
[EventDate "2004.12.26"]

1. d4 c5 2. d5 e6 3. c4 Nf6 4. Nc3 d6 5. e4 g6 6. Bd3 Bg7 7. h3 O-O 8. Be3 Re8
9. Nge2 Na6 10. a3 Nc7 11. O-O Rb8 12. Bf4 exd5 13. cxd5 b5 14. f3 a5 15. Qd2
Ba6 16. Nd1 Na8 17. Ne3 Qb6 18. Kh1 Nc7 19. Rab1 Nh5 20. Bh2 Bh6 21. g4 c4 22.
Nxc4 bxc4 23. Qxh6 cxd3 24. Bg1 dxe2 25. Bxb6 exf1=Q+ 26. Rxf1 Ng3+ 27. Kg1
Rxb6 28. Rf2 Ne2+ 29. Kg2 Rxb2 30. Qe3 Nd4 0-1

[Event "Ceske sachove vanoce 2004"]
[Site "Litomysl"]
[Date "2004.12.27"]
[Round "3.4"]
[White "Laznicka, Viktor"]
[Black "Kotan, Ladislav"]
[Result "1/2-1/2"]
[WhiteElo "2478"]
[BlackElo "2332"]
[PlyCount "47"]
[EventDate "2004.12.26"]

1. e4 e5 2. Nf3 Nc6 3. Bb5 a6 4. Ba4 Nf6 5. O-O Be7 6. Re1 b5 7. Bb3 d6 8. c3
O-O 9. h3 Be6 10. Bc2 h6 11. d4 exd4 12. cxd4 Nb4 13. d5 Nxc2 14. Qxc2 Bd7 15.
Be3 Nh7 16. Nbd2 f5 17. e5 dxe5 18. Nxe5 Bd6 19. f4 Nf6 20. Qd3 Bc8 21. Nc6 Qe8
22. Rad1 Bd7 23. Ne5 Bc8 24. Nc6 1/2-1/2

[Event "Ceske sachove vanoce 2004"]
[Site "Litomysl"]
[Date "2004.12.27"]
[Round "3.6"]
[White "Plachetka, Jan"]
[Black "Zawadzka, Jolanta"]
[Result "1-0"]
[WhiteElo "2435"]
[BlackElo "2329"]
[PlyCount "61"]
[EventDate "2004.12.26"]

1. d4 d5 2. c4 e6 3. Nc3 c6 4. Nf3 dxc4 5. a4 Bb4 6. e4 b5 7. Be2 Nf6 8. Qc2
Bb7 9. O-O a6 10. Bg5 h6 11. Bh4 Be7 12. e5 Nd5 13. Bxe7 Qxe7 14. Ne4 O-O 15.
Nd6 Rd8 16. g3 Rxd6 17. exd6 Qxd6 18. Nd2 Nd7 19. b3 c3 20. Ne4 Qb4 21. Rac1 c5
22. Nxc3 cxd4 23. Nxd5 Bxd5 24. Qc7 Nf6 25. axb5 axb5 26. Qe5 Ne4 27. Bf3 f6
28. Qh5 Qxb3 29. Bxe4 Bxe4 30. Rc7 Kh8 31. Qg4 1-0

[Event "Ceske sachove vanoce 2004"]
[Site "Litomysl"]
[Date "2004.12.27"]
[Round "3.8"]
[White "Kanovsky, David"]
[Black "Herbold, Manfred"]
[Result "1-0"]
[WhiteElo "2392"]
[BlackElo "2140"]
[PlyCount "84"]
[EventDate "2004.12.26"]

1. Nf3 c5 2. e4 Nc6 3. d4 cxd4 4. Nxd4 g6 5. Nc3 Bg7 6. Nde2 Nf6 7. g3 O-O 8.
Bg2 d6 9. h3 Rb8 10. a4 Be6 11. O-O Nd7 12. Nd5 Nde5 13. Kh2 b5 14. axb5 Rxb5
15. f4 Nd7 16. Ra6 Ndb8 17. Ra2 a5 18. c3 Nd7 19. Qa4 Qb8 20. c4 Rc5 21. Be3
Bxd5 22. exd5 Nb4 23. Raa1 Rc7 24. Bd4 Nc5 25. Qd1 Bxd4 26. Nxd4 a4 27. Nb5 Rb7
28. Ra3 Qd8 29. Re1 Re8 30. Rae3 Rd7 31. f5 gxf5 32. Nd4 e6 33. Qd2 Qf6 34.
dxe6 fxe6 35. Nxe6 Nxe6 36. Qxb4 f4 37. Rxe6 fxg3+ 38. Kh1 Rxe6 39. Rxe6 Qd4
40. Qe1 Qxb2 41. Re8+ Kg7 42. Qxg3+ Kf7 1-0

[Event "Ceske sachove vanoce 2004"]
[Site "Litomysl"]
[Date "2004.12.27"]
[Round "3.10"]
[White "Srba, Milan"]
[Black "Zawadzki, Stanislaw"]
[Result "0-1"]
[WhiteElo "2144"]
[BlackElo "2398"]
[PlyCount "78"]
[EventDate "2004.12.26"]

1. e4 c5 2. Nf3 d6 3. d4 cxd4 4. Nxd4 Nf6 5. Nc3 Nc6 6. Be2 g6 7. O-O Bg7 8.
Re1 Nxd4 9. Qxd4 O-O 10. Qb4 Qc7 11. Bg5 Be6 12. Bf1 h6 13. Nb5 Qb8 14. Be3 Rc8
15. f3 Bd7 16. c4 Kh7 17. c5 dxc5 18. Bxc5 a5 19. Qa3 Bxb5 20. Bxb5 Qe5 21.
Rac1 b6 22. f4 Qxf4 23. Be3 Qe5 24. Bc6 Ng4 25. Bxa8 Qxh2+ 26. Kf1 Qh1+ 27. Bg1
Rxc1 28. Rxc1 Bd4 29. Ke2 Qxg2+ 30. Kd3 Bxb2 31. Qxe7 Ne5+ 32. Qxe5 Bxe5 33.
Bd5 f5 34. Be3 h5 35. Rc8 f4 36. Bd2 f3 37. Rf8 Qe2+ 38. Kc2 f2 39. Rf7+ Bg7
0-1

[Event "Ceske sachove vanoce 2004"]
[Site "Litomysl"]
[Date "2004.12.27"]
[Round "3.11"]
[White "Masek, Miroslav"]
[Black "Luch, Michal"]
[Result "0-1"]
[WhiteElo "2200"]
[BlackElo "2364"]
[PlyCount "106"]
[EventDate "2004.12.26"]

1. d4 Nf6 2. c4 c5 3. d5 b5 4. e4 Nxe4 5. Qf3 Qa5+ 6. Nc3 Nxc3 7. Bd2 b4 8.
bxc3 b3 9. Qd1 bxa2 10. Qc2 g6 11. Rxa2 Qc7 12. Bd3 Bg7 13. Ne2 d6 14. O-O O-O
15. f4 Nd7 16. Rfa1 a6 17. Nc1 e6 18. Be4 e5 19. f5 Nf6 20. fxg6 hxg6 21. Ne2
a5 22. Ng3 Bd7 23. Rf1 a4 24. h4 Nxe4 25. Qxe4 f5 26. Qc2 Qd8 27. Bg5 Bf6 28.
Bxf6 Qxf6 29. Ne4 Qxh4 30. Nxd6 Rf6 31. Nb5 Qxc4 32. Na3 Qxd5 33. Rd1 Qf7 34.
Rb2 Bc6 35. Qf2 Qe7 36. Qh4 Re8 37. Nc4 Rd6 38. Qe1 Rxd1 39. Qxd1 Rd8 40. Qe1
Be4 41. Rb6 Qg5 42. Rb2 Qg4 43. Ne3 Qh5 44. Qa1 Qg5 45. Qa2+ Kg7 46. Re2 f4 47.
Nf1 Bd3 48. Rf2 Bxf1 49. Rxf1 f3 50. Rxf3 Rd1+ 51. Kh2 Qh4+ 52. Rh3 Qf4+ 53.
Rg3 Rd3 0-1

[Event "Ceske sachove vanoce 2004"]
[Site "Litomysl"]
[Date "2004.12.27"]
[Round "3.12"]
[White "Novak, Pavel"]
[Black "Bartel, Michal"]
[Result "1-0"]
[WhiteElo "2338"]
[BlackElo "2202"]
[PlyCount "97"]
[EventDate "2004.12.26"]

1. e4 e5 2. Nf3 Nc6 3. d4 exd4 4. Nxd4 g6 5. Bc4 Bg7 6. Be3 Nf6 7. Nxc6 bxc6 8.
e5 Nd5 9. Bxd5 cxd5 10. Qxd5 Rb8 11. Nc3 Rxb2 12. O-O O-O 13. Ne4 Ba6 14. Rfe1
Rb5 15. Qd2 Rxe5 16. Bh6 Rxe4 17. Rxe4 Bxa1 18. Bxf8 Kxf8 19. c3 d5 20. Re1
Bxc3 21. Qxc3 d4 22. Qc5+ Qd6 23. Qxd6+ cxd6 24. f3 d5 25. Kf2 Bc4 26. a3 a6
27. h4 f5 28. g4 fxg4 29. fxg4 h6 30. Kf3 Kf7 31. Kf4 Kf6 32. g5+ hxg5+ 33.
hxg5+ Kf7 34. Rb1 d3 35. Ke5 Ke7 36. Rb2 Kd7 37. Rf2 Kc6 38. Kd4 Kb5 39. Ke3
Ka4 40. Rf6 Kxa3 41. Rxg6 a5 42. Rh6 a4 43. Rh2 Ba2 44. Rxa2+ Kxa2 45. g6 d4+
46. Kxd3 Kb2 47. g7 a3 48. g8=Q a2 49. Qg2+ 1-0

[Event "Ceske sachove vanoce 2004"]
[Site "Litomysl"]
[Date "2004.12.27"]
[Round "3.13"]
[White "Karlik, Vladimir"]
[Black "Batyte, Daiva"]
[Result "1/2-1/2"]
[WhiteElo "2332"]
[BlackElo "2130"]
[PlyCount "68"]
[EventDate "2004.12.26"]

1. d4 Nf6 2. Nf3 d5 3. Bf4 c5 4. e3 e6 5. Nbd2 Nc6 6. c3 Qb6 7. Qc2 Bd7 8. Bd3
Rc8 9. a3 a5 10. h3 cxd4 11. exd4 a4 12. O-O Na5 13. Bg5 h6 14. Be3 Bb5 15.
Bxb5+ Qxb5 16. Ne5 Bd6 17. f4 Nc4 18. Ndxc4 dxc4 19. f5 O-O 20. Rae1 Rfe8 21.
Qc1 exf5 22. Rxf5 Bxe5 23. dxe5 Rxe5 24. Rxe5 Qxe5 25. Bxh6 Ne4 26. Qf4 Qc5+
27. Kh2 f5 28. Bg5 b5 29. Rd1 Re8 30. Rd7 Nxg5 31. Qxg5 Qe5+ 32. Kh1 Qe1+ 33.
Kh2 Qe5+ 34. Kh1 Qe1+ 1/2-1/2

[Event "Ceske sachove vanoce 2004"]
[Site "Litomysl"]
[Date "2004.12.27"]
[Round "3.14"]
[White "Kovalev, Andrei"]
[Black "Walentukiewicz, Michal"]
[Result "1/2-1/2"]
[WhiteElo "2575"]
[BlackElo "1994"]
[PlyCount "139"]
[EventDate "2004.12.26"]

1. e4 g6 2. d4 Bg7 3. Nf3 c5 4. dxc5 Qa5+ 5. c3 Qxc5 6. Na3 d6 7. Nb5 a6 8. Be3
Qc6 9. Na7 Qc7 10. Nxc8 Qxc8 11. Qb3 Nf6 12. e5 dxe5 13. Nxe5 O-O 14. Nxf7 Rxf7
15. Bc4 Qe8 16. Qxb7 Nc6 17. Bxf7+ Kxf7 18. O-O a5 19. Qb3+ e6 20. Rad1 Rb8 21.
Qc2 Nd5 22. Bc1 Rd8 23. Rfe1 Nf6 24. a3 Rxd1 25. Rxd1 Qc8 26. h3 Qc7 27. Qa4
Nd5 28. Qh4 h5 29. Qc4 Qb7 30. Rxd5 exd5 31. Qxd5+ Kf8 32. Bf4 Bf6 33. b4 axb4
34. cxb4 Nd8 35. Bh6+ Ke7 36. Qc5+ Ke6 37. Bg5 Qc6 38. Qe3+ Kf7 39. Bxf6 Kxf6
40. Qf4+ Ke7 41. Qe5+ Kd7 42. b5 Qd6 43. Qe1 Qd4 44. Qb1 Qb6 45. a4 Kc7 46.
Qc2+ Kb7 47. Qd2 Kc7 48. Qc3+ Kd7 49. Qg7+ Kc8 50. g3 Nb7 51. Qb2 Qd6 52. Qc3+
Kd7 53. Qf3 Kc7 54. h4 Kb6 55. Qe4 Kc7 56. Qe3 Qd5 57. Kh2 Qd6 58. Qc3+ Kb6 59.
Qc4 Qf6 60. Kg2 Qd6 61. g4 hxg4 62. Qxg4 Nc5 63. Qc4 Qe5 64. f3 Qb2+ 65. Kg3
Qe5+ 66. Qf4 Qe1+ 67. Kh3 Qh1+ 68. Kg4 Qg1+ 69. Qg3 Qd4+ 70. Kh3 1/2-1/2

[Event "Ceske sachove vanoce 2004"]
[Site "Litomysl"]
[Date "2004.12.27"]
[Round "3.15"]
[White "Sabol, Marian"]
[Black "Kastner, Kamil"]
[Result "1-0"]
[WhiteElo "2358"]
[BlackElo "2091"]
[PlyCount "39"]
[EventDate "2004.12.26"]

1. e4 e6 2. d4 d5 3. e5 c5 4. c3 Nc6 5. Nf3 Qb6 6. Be2 cxd4 7. cxd4 Nge7 8. Na3
Nf5 9. Nc2 Be7 10. h4 Bb4+ 11. Kf1 Bd7 12. a3 Bf8 13. b4 Rc8 14. g4 Nfe7 15. h5
Nb8 16. a4 Qc7 17. Bd3 Nec6 18. Bd2 Qb6 19. Qe1 h6 20. b5 1-0

[Event "Ceske sachove vanoce 2004"]
[Site "Litomysl"]
[Date "2004.12.27"]
[Round "3.16"]
[White "Bozzali, Ermanno"]
[Black "Michenka, Josef"]
[Result "0-1"]
[WhiteElo "2105"]
[BlackElo "2350"]
[PlyCount "100"]
[EventDate "2004.12.26"]

1. d4 Nf6 2. Nf3 e6 3. Bf4 c5 4. e3 Qb6 5. Qc1 Nc6 6. c3 Nh5 7. Bg5 h6 8. Bh4
g5 9. Bg3 d5 10. Bd3 Nxg3 11. hxg3 Bg7 12. Nbd2 Bd7 13. O-O g4 14. Nh4 h5 15.
e4 cxd4 16. exd5 exd5 17. Re1+ Kf8 18. Bf5 Be8 19. Nb3 dxc3 20. bxc3 Rd8 21.
Rb1 Qc7 22. Nc5 b6 23. Ng6+ Kg8 24. Na6 Qb7 25. Nc5 Qa8 26. Nxh8 bxc5 27. Qg5
Kxh8 28. Qxh5+ Kg8 29. Qxg4 Kf8 30. Qf4 Ne7 31. Bh7 Qc6 32. c4 d4 33. Be4 Qd6
34. Qf3 Bd7 35. Rb7 Be6 36. Rxa7 Bxc4 37. Bd3 Bd5 38. Rexe7 Qxe7 39. Rxe7 Bxf3
40. Rc7 Bd5 41. Rxc5 Bxa2 42. g4 Be6 43. g5 Rd5 44. Rxd5 Bxd5 45. f4 Ke7 46.
Kf2 Kd6 47. g4 Kc5 48. Bh7 Kc4 49. Bg8 d3 50. f5 Bd4+ 0-1

[Event "Ceske sachove vanoce 2004"]
[Site "Litomysl"]
[Date "2004.12.27"]
[Round "3.17"]
[White "Holemar, David"]
[Black "Bakalar, Jan"]
[Result "1-0"]
[WhiteElo "2326"]
[BlackElo "2068"]
[PlyCount "79"]
[EventDate "2004.12.26"]

1. d4 c5 2. c3 e6 3. e4 Nf6 4. e5 Nd5 5. Nf3 d6 6. dxc5 dxc5 7. Bd3 Bd7 8. O-O
Bc6 9. Qe2 Be7 10. a3 a5 11. c4 Nb6 12. Nc3 N8d7 13. Ne4 Qc7 14. Bf4 Bxe4 15.
Qxe4 Nb8 16. Rfe1 Nc6 17. Rad1 O-O-O 18. Bc2 h6 19. Bd2 a4 20. Bc3 Rxd1 21.
Rxd1 Rd8 22. Re1 g6 23. h4 Bf8 24. g3 Rd7 25. Qf4 Qd8 26. Re4 Qe7 27. Qe3 Kc7
28. Kg2 Rd8 29. Qe1 Ra8 30. Rf4 Nd7 31. Qd1 Nb6 32. Qd6+ Qxd6 33. exd6+ Kxd6
34. Rxf7 Nxc4 35. Rxb7 Ne7 36. Bd3 Kc6 37. Rxe7 Bxe7 38. Be4+ Kb6 39. Bxa8 Nd6
40. Ne5 1-0

[Event "Ceske sachove vanoce 2004"]
[Site "Litomysl"]
[Date "2004.12.27"]
[Round "3.18"]
[White "Amberger, Dieter"]
[Black "Kantorik, Marian"]
[Result "0-1"]
[WhiteElo "2100"]
[BlackElo "2324"]
[PlyCount "47"]
[EventDate "2004.12.26"]

1. e4 Nf6 2. e5 Nd5 3. d4 d6 4. c4 Nb6 5. exd6 exd6 6. Be3 Be7 7. Nc3 O-O 8.
Be2 Nc6 9. Qd2 d5 10. b3 dxc4 11. bxc4 Na5 12. c5 Nbc4 13. Bxc4 Nxc4 14. Qe2
Nxe3 15. fxe3 Bh4+ 16. g3 Bg5 17. Kf2 Re8 18. Nd1 b6 19. Nf3 bxc5 20. dxc5 Bb7
21. Re1 Re6 22. Rb1 Bc6 23. Nxg5 Qxg5 24. Qc4 0-1

[Event "Ceske sachove vanoce 2004"]
[Site "Litomysl"]
[Date "2004.12.27"]
[Round "3.19"]
[White "Groetz, Harald"]
[Black "Vanek, Tomas"]
[Result "1-0"]
[WhiteElo "2299"]
[BlackElo "2060"]
[PlyCount "81"]
[EventDate "2004.12.26"]

1. e4 e5 2. Nf3 Nc6 3. Bb5 a6 4. Bxc6 dxc6 5. O-O Bg4 6. h3 Bxf3 7. Qxf3 Qd7 8.
d3 f6 9. Be3 h5 10. Nc3 g5 11. Qe2 c5 12. Nd5 Rd8 13. Qf3 Qf7 14. h4 g4 15. Qe2
Ne7 16. Nxe7 Qxe7 17. f4 Bh6 18. fxe5 fxe5 19. g3 Kd7 20. Rf5 Rdf8 21. Raf1
Rxf5 22. Rxf5 Ke6 23. Bxh6 Rxh6 24. Rxh5 Rg6 25. Qf2 Rf6 26. Rf5 Rg6 27. Rf8
Kd6 28. Qf5 Re6 29. Rg8 Rf6 30. Rg6 Rxg6 31. Qxg6+ Kd7 32. Qxg4+ Kc6 33. h5 Kb5
34. h6 Qd6 35. h7 Qh6 36. Qh4 Qe3+ 37. Kg2 Qe2+ 38. Kh3 Qf1+ 39. Kg4 Qe2+ 40.
Kf5 Qf3+ 41. Kg6 1-0

[Event "Ceske sachove vanoce 2004"]
[Site "Litomysl"]
[Date "2004.12.27"]
[Round "3.20"]
[White "Jedlicka, Ales"]
[Black "Mejzlik, Ondrej"]
[Result "1-0"]
[WhiteElo "2266"]
[BlackElo "2054"]
[PlyCount "63"]
[EventDate "2004.12.26"]

1. d4 d5 2. Nf3 e6 3. c4 f5 4. g3 Nf6 5. Bg2 c6 6. b3 Bd6 7. O-O O-O 8. Ba3 Ne4
9. Bxd6 Qxd6 10. e3 Nd7 11. Nbd2 a6 12. Qc2 h6 13. Rac1 g5 14. Ne1 Ndf6 15. Nd3
g4 16. Ne5 Kg7 17. f4 Nxd2 18. Qxd2 h5 19. cxd5 exd5 20. Rc2 Be6 21. Rfc1 Rac8
22. Qa5 h4 23. Qb6 Qe7 24. a4 hxg3 25. hxg3 Nh5 26. Kf2 Rh8 27. Qc5 Qd8 28. Rh1
Rh7 29. Rcc1 Rc7 30. b4 Kg8 31. Qb6 Qf6 32. Rxh5 1-0

[Event "Ceske sachove vanoce 2004"]
[Site "Litomysl"]
[Date "2004.12.28"]
[Round "4.1"]
[White "Neuman, Petr"]
[Black "Plachetka, Jan"]
[Result "1/2-1/2"]
[WhiteElo "2433"]
[BlackElo "2435"]
[PlyCount "21"]
[EventDate "2004.12.26"]

1. c4 c5 2. g3 Nc6 3. Bg2 g6 4. Nc3 Bg7 5. Nf3 e6 6. O-O Nge7 7. d4 cxd4 8. Nb5
O-O 9. Nbxd4 Nxd4 10. Nxd4 d5 11. cxd5 1/2-1/2

[Event "Ceske sachove vanoce 2004"]
[Site "Litomysl"]
[Date "2004.12.28"]
[Round "4.2"]
[White "Stocek, Jiri"]
[Black "Kanovsky, David"]
[Result "1/2-1/2"]
[WhiteElo "2569"]
[BlackElo "2392"]
[PlyCount "111"]
[EventDate "2004.12.26"]

1. d4 Nf6 2. c4 c5 3. d5 e6 4. Nc3 exd5 5. cxd5 d6 6. e4 g6 7. h3 Bg7 8. Nf3
O-O 9. Bg5 h6 10. Be3 Re8 11. Bd3 b5 12. Bxb5 Nbd7 13. Nd2 Rb8 14. O-O a6 15.
Bc6 Re7 16. Rb1 Ne5 17. Ba4 Reb7 18. Bb3 g5 19. Qe2 a5 20. Nc4 Ng6 21. Rbd1 Re7
22. Bc2 Ba6 23. b3 Nd7 24. Qd2 Bxc4 25. bxc4 Nge5 26. Bd3 Rb4 27. f4 Nxc4 28.
Bxc4 Rxc4 29. Rc1 Rxc3 30. Rxc3 Bxc3 31. Qxc3 Rxe4 32. Bc1 f6 33. fxg5 hxg5 34.
a4 Qe7 35. Qxa5 Ne5 36. Bb2 Re2 37. Qb5 Nd7 38. Rf3 Re1+ 39. Kh2 Ne5 40. Rb3
Nf7 41. Qd3 Ne5 42. Qf5 Kg7 43. a5 c4 44. Rb6 Qc7 45. Qf2 Re4 46. a6 Kg6 47.
Bxe5 Rxe5 48. Rb7 Qc8 49. Qc2+ f5 50. Qa4 c3 51. a7 c2 52. a8=Q c1=Q 53. Qxc8
Qxc8 54. Qa7 Qg8 55. Rb8 Re8 56. Rxe8 1/2-1/2

[Event "Ceske sachove vanoce 2004"]
[Site "Litomysl"]
[Date "2004.12.28"]
[Round "4.4"]
[White "Votava, Jan"]
[Black "Plischki, Sebastian"]
[Result "1/2-1/2"]
[WhiteElo "2505"]
[BlackElo "2346"]
[PlyCount "89"]
[EventDate "2004.12.26"]

1. d4 d5 2. Nf3 Nf6 3. g3 c6 4. Bg2 Bg4 5. O-O Nbd7 6. Nbd2 e6 7. Re1 Be7 8. e4
dxe4 9. Nxe4 Nxe4 10. Rxe4 Nf6 11. Re1 O-O 12. c3 Qb6 13. h3 Bh5 14. g4 Bg6 15.
Ne5 Bd6 16. Nc4 Qc7 17. Nxd6 Qxd6 18. Qf3 Nd5 19. Qg3 Qxg3 20. fxg3 Rfd8 21.
Bd2 a5 22. Rac1 Kf8 23. Kf2 Ke8 24. Ke2 Kd7 25. Bf3 h6 26. h4 Rh8 27. h5 Bh7
28. g5 hxg5 29. Bxg5 a4 30. Bd2 b5 31. g4 Nb6 32. Rf1 Nc4 33. Bg2 Rhf8 34. h6
Nxd2 35. hxg7 Nxf1 36. gxf8=Q Rxf8 37. Rxf1 Bg6 38. a3 Rh8 39. Rh1 Rxh1 40.
Bxh1 f6 41. Ke3 Kd6 42. Bf3 Bc2 43. Kf4 Bb3 44. Be2 Ba2 45. Bf3 1/2-1/2

[Event "Ceske sachove vanoce 2004"]
[Site "Litomysl"]
[Date "2004.12.28"]
[Round "4.7"]
[White "Zawadzki, Stanislaw"]
[Black "Novak, Pavel"]
[Result "1/2-1/2"]
[WhiteElo "2398"]
[BlackElo "2338"]
[PlyCount "79"]
[EventDate "2004.12.26"]

1. c4 Nf6 2. g3 c5 3. Bg2 Nc6 4. Nc3 e6 5. e4 g6 6. Nge2 Bg7 7. O-O O-O 8. a3
d6 9. Rb1 a5 10. d3 Ne8 11. Be3 Nd4 12. f4 Nc7 13. b4 axb4 14. axb4 e5 15. bxc5
dxc5 16. f5 gxf5 17. exf5 Bxf5 18. Ne4 Nce6 19. N2c3 Bg6 20. h4 Ra3 21. Bc1 Ra6
22. Rxb7 Ra1 23. Rb1 Rxb1 24. Nxb1 Qb8 25. Nbc3 f5 26. Ng5 e4 27. dxe4 Qxg3 28.
Nxe6 Nxe6 29. Ne2 Qg4 30. e5 f4 31. Nc3 Qxh4 32. Qd5 Bf7 33. Qe4 Bg6 34. Qd5
Qe7 35. Ne4 Rd8 36. Nd6 Kh8 37. Bb2 Nd4 38. Re1 f3 39. Bxd4 fxg2 40. Bf2
1/2-1/2

[Event "Ceske sachove vanoce 2004"]
[Site "Litomysl"]
[Date "2004.12.28"]
[Round "4.8"]
[White "Kotan, Ladislav"]
[Black "Bernasek, Jan"]
[Result "1/2-1/2"]
[WhiteElo "2332"]
[BlackElo "2384"]
[PlyCount "150"]
[EventDate "2004.12.26"]

1. e4 c5 2. Nf3 d6 3. Bc4 e6 4. Qe2 Nc6 5. c3 Nge7 6. Bb3 g6 7. h4 h5 8. d3 Bg7
9. Bg5 Qc7 10. a4 e5 11. Na3 Bg4 12. Nc4 Be6 13. Bd2 Qd7 14. Be3 Bg4 15. Bd2
Nd8 16. Ne3 Be6 17. Bc4 Qc8 18. Ng5 Bd7 19. Qd1 Ne6 20. Nxe6 Bxe6 21. Qb3 Bxc4
22. dxc4 Bh6 23. O-O-O Qc6 24. f3 O-O-O 25. Kb1 f5 26. Nd5 Nxd5 27. cxd5 Qd7
28. Bxh6 Rxh6 29. Qc4 f4 30. a5 Kb8 31. Kc2 Rg8 32. Rh2 g5 33. hxg5 Rxg5 34.
Kb1 Qe8 35. Ka2 Rhg6 36. Rdh1 Rg7 37. Ka3 b6 38. axb6 axb6 39. Kb3 Ra7 40. Kc2
b5 41. Qe2 b4 42. Qc4 Qa4+ 43. Qb3 Qa6 44. cxb4 Qe2+ 45. Kb1 c4 46. Qd1 Qxd1+
47. Rxd1 Rb7 48. Kc2 Rxb4 49. Ra1 Kb7 50. Ra2 Rb3 51. Ra4 Re3 52. Rb4+ Ka8 53.
Kd2 Rd3+ 54. Ke2 Re3+ 55. Kf2 Rd3 56. Ke2 Re3+ 57. Kd2 Rd3+ 58. Kc1 Rd4 59. b3
c3 60. Rxd4 exd4 61. Kc2 Rg8 62. Kd3 Kb7 63. Kxd4 c2 64. Rh1 Rxg2 65. Kc3 Rf2
66. Kb2 Rxf3 67. Kxc2 Kb6 68. Rxh5 Re3 69. Rh8 Rxe4 70. Kd3 Re1 71. Rf8 Rd1+
72. Kc4 Rf1 73. Rf6 Kc7 74. Rf7+ Kb6 75. Rf6 Kc7 1/2-1/2

[Event "Ceske sachove vanoce 2004"]
[Site "Litomysl"]
[Date "2004.12.28"]
[Round "4.10"]
[White "Vales, Vaclav"]
[Black "Sabol, Marian"]
[Result "0-1"]
[WhiteElo "2194"]
[BlackElo "2358"]
[PlyCount "82"]
[EventDate "2004.12.26"]

1. d4 Nf6 2. Nf3 c5 3. d5 b5 4. a4 b4 5. c4 d6 6. g3 g6 7. Bg2 Bg7 8. O-O O-O
9. Ne1 Na6 10. Ra2 b3 11. Qxb3 Rb8 12. Qd1 Nb4 13. Ra3 e6 14. Nc3 exd5 15. cxd5
Ba6 16. Nc2 Re8 17. Nb5 Qd7 18. Ne3 Bxb5 19. axb5 Qxb5 20. Rxa7 Ra8 21. Ra3 Nd7
22. b3 Nb6 23. Bf3 Na2 24. Qc2 Nc3 25. Kg2 Bd4 26. h4 Rxa3 27. Bxa3 Ra8 28. Bb2
Ra2 29. Ra1 Rxb2 30. Qxb2 Ncxd5 31. Qb1 Nxe3+ 32. fxe3 Bxa1 33. Qxa1 Qxb3 34.
Qf6 Nc4 35. h5 Qxe3 36. Qh4 Qd4 37. g4 Ne3+ 38. Kh3 Qf4 39. Qd8+ Kg7 40. Qe7
gxh5 41. gxh5 Nf5 0-1

[Event "Ceske sachove vanoce 2004"]
[Site "Litomysl"]
[Date "2004.12.28"]
[Round "4.11"]
[White "Michenka, Josef"]
[Black "Blazkova, Petra"]
[Result "0-1"]
[WhiteElo "2350"]
[BlackElo "2214"]
[PlyCount "65"]
[EventDate "2004.12.26"]

1. d4 Nf6 2. c4 c5 3. d5 e5 4. Nc3 d6 5. e4 Be7 6. Bd3 O-O 7. h3 Ne8 8. Nf3 g6
9. Bh6 Ng7 10. g4 Nd7 11. Qd2 Nf6 12. Nh2 Nfe8 13. Rg1 Bd7 14. Nf1 a6 15. a4 b6
16. Ke2 Qc8 17. Ng3 Rb8 18. Rg2 b5 19. axb5 axb5 20. cxb5 c4 21. Bc2 Nc7 22.
Ba4 Ra8 23. Bxg7 Kxg7 24. b6 Nb5 25. Nxb5 Rxa4 26. Nf5+ Bxf5 27. Rxa4 Bxe4 28.
Rg3 Qc5 29. Nc3 Qxb6 30. b4 Bh4 31. Qe3 Qd8 32. Rg1 Bg5 33. Qa7 0-1

[Event "Ceske sachove vanoce 2004"]
[Site "Litomysl"]
[Date "2004.12.28"]
[Round "4.12"]
[White "Herbold, Manfred"]
[Black "Karlik, Vladimir"]
[Result "1/2-1/2"]
[WhiteElo "2140"]
[BlackElo "2332"]
[PlyCount "42"]
[EventDate "2004.12.26"]

1. e4 c5 2. Nf3 Nc6 3. d4 cxd4 4. Nxd4 g6 5. c4 Bg7 6. Be3 Nf6 7. Nc3 d6 8. Be2
O-O 9. O-O Nxd4 10. Bxd4 Bd7 11. f3 Bc6 12. Qd2 Nd7 13. Be3 a5 14. Rfc1 a4 15.
b4 axb3 16. axb3 Nc5 17. Rab1 Ra3 18. Bd1 b6 19. b4 Nd7 20. Bb3 Qa8 21. Nb5
Bxb5 1/2-1/2

[Event "Ceske sachove vanoce 2004"]
[Site "Litomysl"]
[Date "2004.12.28"]
[Round "4.13"]
[White "Zawadzka, Jolanta"]
[Black "Novotny, Michal"]
[Result "0-1"]
[WhiteElo "2329"]
[BlackElo "2210"]
[PlyCount "144"]
[EventDate "2004.12.26"]

1. e4 c5 2. Nf3 d6 3. d4 cxd4 4. Nxd4 Nf6 5. Nc3 a6 6. Bg5 e6 7. f4 Be7 8. Qf3
Qc7 9. O-O-O Nbd7 10. g4 O-O 11. Bxf6 Bxf6 12. g5 Bxd4 13. Rxd4 b5 14. f5 Qc5
15. Qd1 b4 16. Ne2 Ne5 17. Bg2 Bb7 18. f6 Rac8 19. fxg7 Rfd8 20. Kb1 Nc4 21.
Qc1 a5 22. Rf1 Qe5 23. h4 Ba6 24. g6 hxg6 25. Qh6 Qxg7 26. Qxg7+ Kxg7 27. Rf2
Ne5 28. Ng3 Rc4 29. Rd1 Bb7 30. Rfd2 Rc6 31. h5 g5 32. Bf1 Kf6 33. Be2 Ke7 34.
Rf1 Rh8 35. Rf2 Ba6 36. Bxa6 Rxa6 37. Rf1 Rc6 38. Rdf2 Rc4 39. Rd2 Rh7 40. Rfd1
Rc6 41. Rf1 Rh6 42. Rdf2 Rc4 43. Rd2 Rh7 44. Rfd1 Rc6 45. Rf1 Ng4 46. Re2 Rc5
47. Kc1 d5 48. exd5 Rxd5 49. Re4 Ne5 50. Rfe1 Nf3 51. R1e3 Nh4 52. Rc4 Nf5 53.
Nxf5+ Rxf5 54. Rc7+ Kf6 55. Rh3 g4 56. Rg3 Rg5 57. Rc4 Kf5 58. Rg1 Rhxh5 59. c3
bxc3 60. Rxc3 Rh3 61. Rc4 Rf3 62. Kd1 g3 63. b4 axb4 64. Rxb4 g2 65. Ke2 Ra3
66. Rb2 Kf4 67. Kf2 Rf3+ 68. Ke1 Re5+ 69. Re2 Rf1+ 70. Rxf1+ gxf1=Q+ 71. Kxf1
Rxe2 72. Kxe2 Ke5 0-1

[Event "Ceske sachove vanoce 2004"]
[Site "Litomysl"]
[Date "2004.12.28"]
[Round "4.14"]
[White "Cerveny, Martin"]
[Black "Holemar, David"]
[Result "0-1"]
[WhiteElo "2135"]
[BlackElo "2326"]
[PlyCount "52"]
[EventDate "2004.12.26"]

1. c4 Nf6 2. Nc3 g6 3. d4 c5 4. d5 Bg7 5. e4 d6 6. f3 a6 7. a4 O-O 8. g4 e6 9.
Nge2 exd5 10. cxd5 Nbd7 11. Ng3 Ne8 12. Be3 Ne5 13. h3 f5 14. f4 Bh6 15. gxf5
Qh4 16. Rg1 Bxf4 17. Bf2 Ng7 18. Ra3 Bd7 19. Nce2 Bh6 20. Qb1 Kh8 21. b4 b6 22.
bxc5 bxc5 23. Qa1 Qe7 24. Nc1 gxf5 25. Nd3 Nf3+ 26. Kd1 fxe4 0-1

[Event "Ceske sachove vanoce 2004"]
[Site "Litomysl"]
[Date "2004.12.28"]
[Round "4.15"]
[White "Stehno, Pavel"]
[Black "Schirmbeck, Hannes"]
[Result "1-0"]
[WhiteElo "2326"]
[BlackElo "2139"]
[PlyCount "59"]
[EventDate "2004.12.26"]

1. g3 e5 2. Bg2 Nf6 3. d3 Bc5 4. Nf3 Nc6 5. O-O O-O 6. c3 Re8 7. b4 Bf8 8. e4
d5 9. Qe2 dxe4 10. dxe4 a6 11. a4 b6 12. Rd1 Bd7 13. Bg5 Re6 14. Na3 h6 15.
Bxf6 Rxf6 16. Nc4 Bd6 17. Nxd6 cxd6 18. Nd2 a5 19. b5 Ne7 20. Nc4 Qc7 21. Rac1
Be6 22. Ne3 Bb3 23. Rd2 Rc8 24. c4 Qc5 25. Rd3 Bxa4 26. Ra1 Qb4 27. Qa2 Bxb5
28. cxb5 Qxb5 29. Rb3 Qc5 30. Qb2 1-0

[Event "Ceske sachove vanoce 2004"]
[Site "Litomysl"]
[Date "2004.12.28"]
[Round "4.16"]
[White "Batyte, Daiva"]
[Black "Kantorik, Marian"]
[Result "0-1"]
[WhiteElo "2130"]
[BlackElo "2324"]
[PlyCount "104"]
[EventDate "2004.12.26"]

1. e4 Nf6 2. e5 Nd5 3. d4 d6 4. Nf3 Bg4 5. Be2 e6 6. O-O Be7 7. c4 Nb6 8. Nc3
O-O 9. Be3 d5 10. c5 Bxf3 11. Bxf3 Nc4 12. Bf4 Nc6 13. b3 N4a5 14. Be2 b6 15.
cxb6 cxb6 16. Qd3 Rc8 17. Rad1 Nb4 18. Qh3 g6 19. a3 Nc2 20. Ba6 Rb8 21. b4 Nc4
22. Bxc4 dxc4 23. d5 Nxa3 24. d6 Bg5 25. Bxg5 Qxg5 26. Ne4 Qxe5 27. Qxa3 Qxe4
28. Qxa7 Rfd8 29. b5 Qe5 30. Qa4 Qc5 31. Rc1 Rbc8 32. Rc3 Rxd6 33. Rfc1 Rd2 34.
Rf3 Qd5 35. h3 Rc7 36. Rfc3 Qd4 37. Qa8+ Kg7 38. Qf3 Rc5 39. Qg3 h5 40. Rf3
Rxb5 41. Qc7 Rf5 42. Rxc4 Rd1+ 43. Kh2 Qd6+ 44. Qxd6 Rxd6 45. Rxf5 exf5 46. Rb4
Kf6 47. h4 Ke5 48. Rc4 b5 49. Rc7 Rb6 50. Rxf7 b4 51. Re7+ Kd4 52. Re1 b3 0-1